Estadísticas para Países del Mundo - 5 Minutos de Sprint

Haz click aquí para tomar la prueba!

Estadísticas generales

  • Esta prueba ha sido tomada 3.687 veces
    (3.261 desde el último reinicio)
  • La puntuación promedio es 110 de 196

Estadísticas de respuestas

Respuesta% Correcto
España
87%
Alemania
85%
Francia
85%
Argentina
83%
Andorra
82%
Brasil
82%
Chile
82%
Canadá
80%
China
80%
Italia
80%
Suecia
80%
Rusia
79%
Albania
78%
Noruega
77%
Perú
77%
Portugal
77%
Austria
76%
Lituania
76%
Bélgica
75%
Colombia
75%
Letonia
75%
Australia
74%
Bolivia
74%
Finlandia
74%
Irlanda
74%
Islandia
74%
Japón
74%
México
74%
Suiza
74%
Estados Unidos
73%
Estonia
73%
Grecia
71%
Cuba
70%
Ecuador
69%
Paraguay
69%
Argelia
67%
Bosnia y Herzegovina
67%
Bulgaria
67%
Croacia
67%
India
67%
Reino Unido
67%
Uruguay
67%
Venezuela
67%
Eslovaquia
66%
Eslovenia
66%
Irán
66%
Polonia
66%
Guyana
65%
Malta
65%
Nicaragua
65%
Belice
64%
Ciudad del Vaticano
64%
Egipto
64%
Haití
64%
Irak
64%
Mónaco
64%
Panamá
64%
Serbia
64%
Ucrania
64%
Guatemala
63%
Chipre
62%
República de Macedonia
62%
Antigua y Barbuda
61%
Bahamas
61%
Corea del Sur
61%
Kosovo
61%
Luxemburgo
61%
Montenegro
61%
República del Congo
61%
República Democrática del Congo
61%
Armenia
60%
Dinamarca
60%
El Salvador
60%
Hungría
60%
Libia
60%
San Marino
60%
Surinam
60%
Turquía
60%
Afganistán
59%
Angola
59%
Corea del Norte
59%
Honduras
59%
Barbados
58%
Jamaica
58%
Marruecos
58%
Moldavia
58%
Níger
58%
Rumania
58%
Bielorrusia
57%
Bután
57%
Chad
57%
Fiyi
57%
Indonesia
57%
Israel
57%
Laos
56%
Mongolia
56%
Nepal
56%
Tailandia
56%
Baréin
55%
Brunéi
55%
Costa Rica
55%
Grenada
55%
Guinea
55%
Nigeria
55%
Omán
55%
Sudáfrica
55%
Túnez
55%
Filipinas
54%
Líbano
54%
Malí
54%
Nauru
54%
Siria
54%
Sudán
54%
Catar
53%
Kenia
53%
Malasia
53%
Países Bajos
53%
Pakistán
53%
Dominica
52%
Tonga
52%
Yemen
52%
Benín
51%
Togo
51%
Vietnam
51%
Camboya
50%
Etiopía
50%
Ghana
50%
Jordania
50%
Kuwait
50%
Lesoto
50%
Liechtenstein
50%
Nueva Zelanda
50%
Taiwán
50%
Trinidad y Tobago
50%
Madagascar
49%
Palaos
49%
Tuvalu
49%
Samoa
48%
Santa Lucía
48%
Arabia Saudita
47%
Bangladés
47%
Eritrea
47%
Gambia
47%
República Dominicana
47%
Singapur
47%
Somalia
47%
Georgia
46%
Liberia
46%
Tanzania
46%
Birmania
45%
Gabón
45%
Guinea-Bissau
45%
Kazajistán
45%
Mauricio
45%
Mauritania
45%
Namibia
45%
San Cristóbal y Nieves
45%
San Vicente y las Granadinas
45%
Maldivas
44%
Zambia
44%
Mozambique
43%
República Checa
43%
Senegal
43%
Sudán del Sur
43%
Camerún
42%
Estados Federados de Micronesia
42%
Kiribati
42%
Ruanda
42%
Turkmenistán
42%
Uganda
42%
Vanuatu
42%
Burundi
40%
Cabo Verde
40%
Guinea Ecuatorial
40%
Islas Salomón
40%
Uzbekistán
40%
Comoras
39%
Islas Marshall
39%
Azerbaiyán
38%
Kirguistán
38%
Malaui
38%
Yibuti
38%
Zimbabue
38%
Botsuana
36%
Seychelles
36%
Santo Tomé y Príncipe
35%
Côte d'Ivoire
33%
Emiratos Árabes Unidos
33%
Sierra Leona
33%
Suazilandia
33%
Burkina Faso
32%
Timor Oriental
32%
Papúa Nueva Guinea
31%
Sri Lanka
31%
República Centroafricana
23%
Tajikistan
17%

Distribución de puntuación

Porcentaje por número respondido

Porcentaje de gente con cada puntuación

Historial de tus puntuaciones

No has tomado esta prueba desde el último reinicio